00666nam a2200217Ia 450000500170000001000290001702000260004603500130007203500170008503700310010203700130013308200080014610000250015424500700017926000330024927000560028230000360033850000190037465000330039370000220042620150326124530.0 aBAC-EN21 ENG-111992 a9788126536870c819.00 aEN-95524 aB-584515-540 bAsian Book Centre/Venadpl bDBAD/PUB a547 aSolomons, T.W.Graham aOrganic chemistry / cby T.W.Graham Solomons [and] Craig B.Fryhle c2014aNew DelhibJohn Wiley  a4435-36/7 Ansari Road, DaryaganjbNew Delhie110002 c24cm(pbk)axxvii,1164p. :bill. aIncludes index aChemistry,organicvTextbooks aFryhle, Craig B.